Una gota de agua (Record no. 185325)

MARC details
000 -LEADER
campo de control de longitud fija 00995nam a2200265 i 4500
001 - NÚMERO DE CONTROL
campo de control 185325
003 - IDENTIFICADOR DE NÚMERO DE CONTROL
campo de control ES-MaACL
005 - FECHA Y HORA DE LA ÚLTIMA TRANSACCIÓN
campo de control 20231130181124.0
008 - DATOS DE LONGITUD FIJA--INFORMACIÓN GENERAL
campo de control de longitud fija 160520s2015 sp ao |||| |aspa d
020 ## - NÚMERO INTERNACIONAL ESTÁNDAR DEL LIBRO
Número Internacional Estándar del Libro 978-84-608-2916-4
080 ## - NÚMERO DE LA CLASIFICACIÓN DECIMAL UNIVERSAL
Número de la Clasificación Decimal Universal 929 Sánchez-Reyes de Palacio, Carlos
080 ## - NÚMERO DE LA CLASIFICACIÓN DECIMAL UNIVERSAL
Número de la Clasificación Decimal Universal 94(460)"1955/75"
100 1# - ENTRADA PRINCIPAL--NOMBRE DE PERSONA
Nombre de persona Sánchez-Reyes de Palacio, Carlos.
9 (RLIN) 102877
245 14 - MENCIÓN DEL TÍTULO
Título Una gota de agua
Resto del título : crónica del final del franquismo (1956-1977) /
Mención de responsabilidad, etc. Carlos Sánchez-Reyes de Palacio.
260 ## - PUBLICACIÓN, DISTRIBUCIÓN, ETC.
Lugar de publicación, distribución, etc. [Valladolid] : C. Sánchez-Reyes de Palacio,
Fecha de publicación, distribución, etc. [2015] (
Fabricante Orymu)
300 ## - DESCRIPCIÓN FÍSICA
Extensión XVII, 430 p. :
Otras características físicas il. ;
Dimensiones 24 cm.
500 ## - NOTA GENERAL
Nota general Cronograma (1939-77)
500 ## - NOTA GENERAL
Nota general Glosario de siglas.
504 ## - NOTA DE BIBLIOGRAFÍA, ETC.
Nota de bibliografía, etc. Bibliografía: p. 399-400.
600 14 - PUNTO DE ACCESO ADICIONAL DE MATERIA--NOMBRE DE PERSONA
Nombre de persona Sánchez-Reyes de Palacio, Carlos.
9 (RLIN) 102877
651 #4 - PUNTO DE ACCESO ADICIONAL DE MATERIA--NOMBRE GEOGRÁFICO
Nombre geográfico España-
Subdivisión general Historia-
Subdivisión cronológica 1955-1975-
Subdivisión de forma Relatos personales.
9 (RLIN) 148019
852 ## - LOCALIZACIÓN
Ubicación ES-MaACL
Número de control de estantería A-13765
itemnumber 192350
Sublocalización o colección R.151014
Ubicación en estantería Depósito 1
Signatura antigua Olim: N-6765
942 ## - ELEMENTOS DE ENTRADA SECUNDARIOS (KOHA)
Fuente del sistema de clasificación o colocación Clasificación decimal universal
Tipo de ítem Koha Libro impreso
Holdings
Estatus retirado Estado de pérdida Fuente del sistema de clasificación o colocación Estado de daño No para préstamo Biblioteca de origen Biblioteca actual Ubicación en estantería Fecha de adquisición Fuente de adquisición Total de préstamos Signatura topográfica completa Código de barras Visto por última vez Precio de reemplazo Tipo de ítem Koha
    Clasificación decimal universal     Biblioteca del Ateneo de Madrid Biblioteca del Ateneo de Madrid Depósito 1 20/05/2016 Donación   A-13765 1195252 23/02/2023 23/02/2023 Libro impreso